| 000 | 01043cam a2200265 i 4500 | ||
|---|---|---|---|
| 999 |
_c7633 _d7633 |
||
| 003 | OSt | ||
| 005 | 20200317111232.0 | ||
| 008 | 160831s2017 nyua 000 0 eng | ||
| 020 | _a9781250118295 (hardback) | ||
| 040 |
_aDLC _beng _cDLC _erda _dDLC |
||
| 082 | 0 | 0 |
_a720 _223 |
| 100 | 1 |
_aCrawford, James _c(Writer on aerial photography), _eauthor. |
|
| 245 | 1 | 0 |
_aFallen glory : _bthe lives and deaths of history's greatest buildings / _cJames Crawford. |
| 250 | _aFirst U.S. edition. | ||
| 300 |
_a566 pages : _billustrations ; _c25 cm |
||
| 650 | 0 | _aLost architecture. | |
| 650 | 0 | _aRuined buildings. | |
| 650 | 0 |
_aCities and towns _xHistory. |
|
| 650 | 7 |
_aARCHITECTURE / Buildings / General. _2bisacsh |
|
| 650 | 7 |
_aARCHITECTURE / History / General. _2bisacsh |
|
| 650 | 7 |
_aHISTORY / World. _2bisacsh |
|
| 650 | 7 |
_aHISTORY / General. _2bisacsh |
|
| 776 | 0 | 8 |
_iOnline version: _aCrawford, James (Writer on aerial photography), author. _tFallen glory _bFirst U.S. edition. _dNew York : Picador, 2017 _z9781250118301 _w(DLC) 2016040493 |
| 942 | _2ddc | ||